Violencia de Estado y violencia de género: las paradojas en torno a los derechos humanos de las mujeres en México /
La autora reflexiona sobre el proceso contradictorio vivido en la ultima década en México: por un lado una política exterior en materia de derechos humanos muy exitosa a nivel internacional, en la que se ha ratificado varios instrumentos internacionales en contra de la discriminación y violencia hac...
Salvato in:
| Autore principale: | |
|---|---|
| Natura: | testo |
| Soggetti: | |
| Tags: |
Aggiungi Tag
Nessun Tag, puoi essere il primo ad aggiungerne!!
|
MARC
| LEADER | 00000 a a2200000 04500 | ||
|---|---|---|---|
| 001 | 42442 | ||
| 003 | |||
| 040 | |||
| 100 | |a Hernández Castillo, Rosalva Aída | ||
| 245 | |a Violencia de Estado y violencia de género: |b las paradojas en torno a los derechos humanos de las mujeres en México / |c Rosalva Aída Hernández Castillo | ||
| 520 | |a La autora reflexiona sobre el proceso contradictorio vivido en la ultima década en México: por un lado una política exterior en materia de derechos humanos muy exitosa a nivel internacional, en la que se ha ratificado varios instrumentos internacionales en contra de la discriminación y violencia hacia las mujeres; mientras que por otro lado, existe una política interna en la que la violencia de Estado se justifica en nombre de la paz social y se utiliza en contra de las mujeres activistas e integrantes de movimientos sociales. | ||
| 590 | |a SJB/MARZO2012 | ||
| 650 | |a 1.REPRESION | ||
| 650 | |a 2.VIOLENCIA CONTRA LAS MUJERES | ||
| 650 | |a 3.RELACIONES DE PODER | ||
| 650 | |a 4.MOVIMIENTO DE MUJERES | ||
| 650 | |a 5.FEMINISMO | ||
| 650 | |a 6.DERECHOS HUMANOS | ||
| 650 | |a 7.ESTADO | ||
| 650 | |a 8.VIOLENCIA | ||
| 650 | |a 9.MEXICO | ||
| 773 | |g número57 ( , 2010), páginas 86-98 | ||
| 999 | |c 30905 |d 30905 | ||
